Sports Quiz

Random Sports or NBA Quiz

Can you name the top 100 NBA players (updated)? Quiz Stats

 Plays Quiz not verified by Sporcle

Challenge
Share
Tweet
Embed
Score 0/100 Timer 10:00
0 Plays Today
# Player % Correct
1Lebron James
100%
7Stephen Curry
97.8%
2Russell Westbrook
95.7%
13John Wall
94.7%
4James Harden
93.5%
3Kevin Durant
93.5%
6Anthony Davis
93.5%
5Kawhi Leonard
91.3%
9DeMarcus Cousins
91.3%
17Kyrie Irving
91.3%
8Paul George
89.1%
10Chris Paul
89.1%
18Klay Thompson
89.1%
14Isaiah Thomas
87%
12Damian Lillard
87%
15Demar Derozan
84.8%
20Devin Booker
84.8%
16Jimmy Butler
84.8%
21Draymond Green
84.8%
45Bradley Beal
84.2%
33Kevin Love
82.6%
19Gordon Hayward
82.6%
26Kyle Lowry
82.6%
22Karl-Anthony Towns
82.6%
57Tristan Thompson
80.4%
25Blake Griffin
80.4%
27Hassan Whiteside
80.4%
36Carmelo Anthony
80.4%
30Andre Drummond
80.4%
28Joel Embiid
78.3%
40Marc Gasol
78.3%
32Mike Conley
78.3%
24Rudy Gobert
78.3%
11Giannis Antetokounmpo
76.1%
# Player % Correct
34Kemba Walker
76.1%
66Pau Gasol
76.1%
41Eric Bledsoe
76.1%
42Andrew Wiggins
76.1%
29C.J. McCollum
76.1%
23Kristaps Porzingis
73.9%
43Dirk Nowitzki
73.9%
37D'angelo Russell
73.9%
39Dwyane Wade
71.7%
70Tony Parker
71.7%
46Goran Dragic
69.6%
72Al Horford
67.4%
31Deandre Jordan
67.4%
54LaMarcus Aldridge
65.2%
51Derrick Rose
63%
47Brook Lopez
63%
35Nikola Jokic
63%
38Avery Bradley
63%
71Robin Lopez
60.9%
48Zach Lavine
60.9%
65Paul Millsap
60.9%
62Marcin Gortat
60.5%
58Harrison Barnes
58.7%
49Myles Turner
58.7%
44Jrue Holiday
58.7%
78Serge Ibaka
58.7%
69Eric Gordon
58.7%
56Khris Middleton
56.5%
76Dwight Howard
56.5%
96Patrick Mills
56.5%
61Steven Adams
56.5%
59Otto Porter
55.3%
68Jae Crowder
52.2%
91Manu Ginobili
52.2%
# Player % Correct
50Malcolm Brogdon
50%
73Lou Williams
47.8%
86Victor Oladipo
47.8%
67Rajon Rondo
47.8%
53Jonas Valanciunas
47.8%
89George Hill
45.7%
52Nikola Vucevic
45.7%
82Jeremy Lin
45.7%
83Reggie Jackson
45.7%
99Jeff Teague
45.7%
64Danilo Gallinari
43.5%
79Zach Randolph
43.5%
98Tobias Harris
41.3%
75Enes Kanter
41.3%
55Cody Zeller
39.1%
60Rudy Gay
39.1%
80Jusuf Nurkic
39.1%
77Ricky Rubio
37%
95Trevor Ariza
37%
92Taj Gibson
34.8%
90Clint Capela
32.6%
87Jamal Crawford
30.4%
63Tyreke Evans
28.3%
100Kent Bazemore
28.3%
81Thon Maker
28.3%
85Evan Fournier
28.3%
94Nerlens Noel
28.3%
97Darren Collison
26.1%
74Kentavious Caldwell-Pope
26.1%
88Kenneth Faried
26.1%
93Brandon Knight
23.9%
84Lance Stephenson
19.6%

You're not logged in!

Compare scores with friends on all Sporcle quizzes.
Join for Free
OR
Log In

You Might Also Like...

Show Comments

Extras

Created Jul 23, 2017ReportNominate
Tags:NBA Quiz, 100, player, team, updated

Top Quizzes Today


Score Distribution

Your Account Isn't Verified!

In order to create a playlist on Sporcle, you need to verify the email address you used during registration. Go to your Sporcle Settings to finish the process.

Report this User

Report this user for behavior that violates our Community Guidelines.

Details: